Effectif PSG 2023/2024 - Statistiques

Statistiques générales
  • Ce quiz a été pris 118 fois
  • Le résultat moyen est 19 sur 30
Statistiques - réponses
Poste Nationalité Réponse % Correct
Entraîneur Espagnol Luis Enrique
92%
Attaquant Français Kylian Mbappé
80%
Gardien Costa Rica Keylor Navas
76%
Défenseur Brésilien Marquinhos
75%
Gardien Italie Gianluigi Donnarumma
73%
Défenseur Français Presnel Kimpembe
73%
Attaquant Français Ousmane Dembélé
72%
Milieu Portugais Vitinha
71%
Défenseur Marocain Achraf Hakimi
70%
Milieu Espagnol Fabian Ruiz
67%
Milieu Sud-Coréen Kang-In Lee
66%
Milieu Uruguayen Manuel Ugarte
66%
Attaquant Français Randal Kolo Muani
66%
Défenseur Français Lucas Hernandez
65%
Défenseur Portugais Nuno Mendes
65%
Défenseur Portugais Danilo Pereira
64%
Attaquant Portugais Gonçalo Ramos
64%
Défenseur Slovaque Milan Skriniar
63%
Gardien Espagne Sergio Rico
63%
Milieu Français Warren Zaïre-Emery
60%
Milieu Espagnol Carlos Soler
59%
Attquant Français Bradley Barcola
56%
Attaquant Espagnol Marco Asensio
56%
Gardien France Alexandre Letellier
53%
Gardien Espagne Arnau Tenas
52%
Défenseur Français Nordi Mukiele
47%
Milieu Italien Cher Ndour
42%
Milieu Français Ethan Mbappé
40%
Attaquant Français Hugo Ekitike
33%
Défenseur Français Layvin Kurzawa
30%
Aucun quiz correspondant
Distribution des résultats
% des personnes avec chaque résultat
Percentile par nombre de réponses
Votre historique - résultats
Vous n’avez pas pris ce quiz